000 02673cam a22006254i 4500
003 PE-LiUPU
005 20250731180111.0
008 150623s2000 sp a rb 000 0 spa d
020 _a8483221810
020 _a9788483221815
035 _a(Sirsi) i9788483221815
040 _aPE-LiUPU
_bspa
_cPE-LiUPU
_erda
049 _aPRUA
082 0 4 _a519.4
_bM28
_221
082 0 4 _a512.073
_bM28 2000
100 1 _aMathews, John H.,
_eautor.
245 1 0 _aMétodos numéricos con Matlab /
_cJohn H. Mathews, Kurtis D. Fink ; traducción Pedro José Paúl Escolano ; revisión técnica Antonio Fernández Carrión, Manuel Contreras Márquez .
264 1 _aMadrid :
_bPrentice Hall Iberia,
_c2000.
300 _a736 páginas ;
_c24 centímetros.
336 _atext
_2rdacontent
337 _aunmediated
_2rdamedia
338 _avolume
_2rdacarrier
504 _aIncluye bibliografía.
505 0 _aPreliminares -- Resolución de ecuaciones no lineales -- Resolución de sistemas lineales -- Interpolación y aproximación polinomial -- Ajuste de curvas -- Derivación numérica -- Integración numérica -- Optimización numérica -- Ecuaciones diferenciales ordinarias -- Ecuaciones en derivadas parciales -- Autovalortes y autovectores.
526 _aSEG44
526 _aSEG26
526 _aP159
526 _aP155
526 _aP154
526 _aP153
526 _aP150
526 _aP100
526 _aP31
526 _aP30
526 _aP26
526 _aP25
526 _aP24
526 _aP22
526 _aP15
526 _aP10
650 0 4 _aAnálisis numérico
_xProceso de datos.
650 0 4 _aMATLAB (Archivo de computadora).
700 1 _aFink, Kurtis D.,
_eautor.
700 1 _aPaúl Escolano, Pedro José,
_etraductor.
910 _btqv
_cwelc
_d20170630
942 _2ddc
_cBOOK
949 _a519.4 M28
_wDEWEY
_c1
_i47907
_lCCODEBUL1
_mBUL
_r0
_sY
_tBOOK
_u2015-6-24
_xINGENIERIA
_zUNKNOWN
_0COMPRA
_o.STAFF. Colección General
949 _a512.073 M28 2000
_wDEWEY
_c1
_iFJ06532
_lCCODEBUJ1
_mBUJ
_p43.00
_r0
_sY
_tBOOK
_u2017-06-30
_xINGENIERIA
_PP27
_0COMPRA
_o.STAFF. Colección General Juliaca
994 _aC0
_bPEPRU
596 _a1 3
999 _a519.4 M28
_wDEWEY
_c24379
_i47907
_d24379
_e2019-6-18
_f2021-11-5
_g7
_lCCODEBUL1
_mBUL
_n4
_p29.00
_q1
_r0
_sN
_tBOOK
_u2015-6-24
_xBIBLIOTECA
_zUNKNOWN
_0COMPRA
_o.STAFF. Colección General
999 _a512.073 M28 2000
_wDEWEY
_c1
_iFJ06532
_d2018-8-20
_e2018-4-2
_f2022-1-19
_g4
_lCCODEBUJ1
_mBUJ
_n1
_p43.00
_q3
_r0
_sY
_tBOOK
_u2017-6-30
_xINGENIERIA
_PP27
_0COMPRA
_o.STAFF. Colección General Juliaca
980 _81
_gALBERTO SANCHEZ Responsable de Automatización